All Algeria's Premier League Players Ever - Statistics

General Stats
  • This quiz has been taken 61 times
  • The average score is 7 of 19
Answer Stats
# Year Team(s) Player % Correct
284 2014-23 Leicester City, Manchester City Riyad Mahrez
98%
135 2020- Wolves Rayan Aït-Nouri
84%
110 2020-24 West Ham Saïd Benrahma
79%
40 2016-18, 2020-21 Leicester City, Newcastle Islam Slimani
64%
58 2013–16, 2019–20 Tottenham, Newcastle United Nabil Bentaleb
50%
21 2016-17 West Ham Sofiane Feghouli
38%
19 2018-19 Leicester City Rachid Ghezzal
32%
11 2023-24 Sheffield United Yasser Larouci
29%
84 2009-12, 2013-17 Wolves, Crystal Palace, Watford, Middlesbrough Adlène Guedioura
25%
8 2002-03 Manchester City Djamel Belmadi
23%
48 2008-10 Porstmouth Nadir Belhadj
23%
1 2010-11 Fulham Rafik Halliche
20%
18 2009-10 Porstmouth Hassan Yebda
16%
5 2006-07 Charlton Athletic Madjid Bougherra
16%
33 2002-03 Manchester City Ali Benarbia
14%
52 2006–08 Watford, Fulham Hamer Bouazza
14%
13 2014-15 Newcastle United Mehdi Abeid
13%
13 1997-99 Tottenham Moussa Saïb
11%
13 2009-10 Hull City Kamel Ghilas
9%
No matching quizzes found
Score Distribution
Percent of People with Each Score
Percentile by Number Answered
Your Score History
You have not taken this quiz